000 00399nam a2200133Ia 4500
008 220217s9999||||xx |||||||||||||| ||und||
020 _a81-7808-299-3
082 _a005.74 MOL
100 _aGarcia Molina, Hector Ullman, Jeffrey, D
_93651
245 0 _aDatabase system implementation
260 _aPearson education asia
_bDelhi
_c2001
300 _b350
650 _aDATA FILES & DATABASE
_9695
999 _c172344
_d172344